000 00427nam a2200181Ia 4500
005 20240823062819.0
008 240823s9999||||xx |||||||||||||| ||und||
041 _aENGLISH
082 _A808.3081 N2
100 _a"Lewis,Norman"
245 2 _aA Goddess in the Stones
250 _a1st
260 _c1992
_b"Rupa and Co,Allahabad"
500 _aTRANSFERED
650 _aGeneral
_bGeneral
942 _cBK
999 _c236770
_d236770